000 00943nam a2200301Ia 4500
001 92429
003 IT-RoPAU
008 130308s9999 xx 000 0 und d
040 _aIT-RoPAU
040 _cIT-RoPAU
041 _aSPAGNOLO
100 _aGarcia-Noblejas Juan José
100 _gCodice Aut. SPICS: 26793
245 _aInformacion y conocimiento
245 _bFilosofia de la Comunicacion
250 _a1a ed.
260 _aPAMPLONA
260 _bUniversidad De Navarra
260 _c1986 [1° Ed.:1986 - Ed.Ling.Originale:1986]
300 _a"39 p. (prefazione: no ; testo: 39 [pagine: 111-149])"
500 _aInformazione e Conoscenza Informazione e notizia Informazione e Verità nozioni Operative Malizia nell'informazione Azione Pratica dell'Informare
650 _aTEORIA DELLA COMUNICAZIONE SOCIALE
650 _eCodice materia Spics: 3802
942 _cBK
957 _71
999 _c43523
_d43523
999 _bSI
999 _g1